| 000 | 01378nam0a22003011 4500 | ||
|---|---|---|---|
| 001 | rc\4450884 | ||
| 005 | 20250612085517.0 | ||
| 021 |
_aRU _b[65-36784] |
||
| 035 | _a(NLR Aleph) 008586752 | ||
| 090 |
_a8619150 _c8619150 |
||
| 100 | _a20130416d1965 |||y0rusy50 ca | ||
| 101 | 0 | _arus | |
| 102 | _aRU | ||
| 105 | _ay z ||||| | ||
| 200 | 1 | _aИспользование хозяйственно-бытовых и фенолсодержащих сточных вод города Харькова для орошения сельскохозяйственных культур | |
| 210 |
_aМосква _cКолос _d1965 |
||
| 215 |
_a15 с. _d22 |
||
| 225 | 1 | _aВторое Всесоюзное научно-техническое совещание по очистке и использованию сточных вод на земледельческих полях орошения. [Доклады] | |
| 300 | _aПеред загл. авт.: А.М. Можейко, К.М. Спиваков, С.С. Кружанов и др. | ||
| 606 |
_aОрошение сточными водами _yХарьковская область _2psbo |
||
| 701 | 1 |
_aСпиваков _bК.М. |
|
| 701 | 1 |
_aКружанов _bС.С. |
|
| 701 | 1 |
_aМожейко _bА.М. |
|
| 801 | 0 |
_aRU _bNLR _gpsbo |
|
| 801 | 1 |
_aRU _bELAR _2rusmarc |
|
| 852 |
_aNLR _j65-6/5865 |
||
| 942 | _cBOOK | ||
| 980 | _aNB | ||